00681nam a2200145Ia 4500008004100000082002200041245011000063250001000173260002500183300001100208650014300219700004800362952010800410999001700518120622s9999 xx 000 0 und d a338.98 D419p 1974 aLa dependencia político-económica de América Latina / por Helio Jaguaribe, Aldo Ferrer ... [et al.] a6a ed aMéxico : Siglo XXI a293 p. a1. AMERICA LATINA - POLITICA ECONOMICA \ 2. AMERICA LATINA - RELACIONES ECONOMICAS EXTERIORES \ 3. AMERICA LATINA - CONDICIONES ECONOMICAS aJaguaribe, Helio \ Ferrer, Aldo ; coaut.Ì 00104070a01b01d2007-01-25l2o338.98 D419P 1974p01 009397r2017-03-16s2017-03-16w2012-06-24yLB c59488d59488